Non-Euclidean geometry /

Guardado en:
Autor Principal: Coxeter, H. S. M. 1907-2003.
Formato: Libro
Idioma:English
Publicado: Toronto : Univ. of Toronto Press, 1957.
Edición:3rd ed.
Series:Mathematical expositions ; no. 2
Etiquetas: Agregar Etiqueta
Sin Etiquetas, Sea el primero en etiquetar este registro!
LEADER 00551nam a22001695a 4500
001 MAT.inmabb000301
008 031209s1957####xxc###########001#0#eng#d
005 20130311113413.0
245 1 0 |a Non-Euclidean geometry /  |c by H.S.M. Coxeter. 
250 |a 3rd ed. 
260 |a Toronto :  |b Univ. of Toronto Press,  |c 1957. 
300 |a xv, 309 p. ;  |c 23 cm. 
440 0 |a Mathematical expositions ;  |v no. 2 
510 4 |a MR,  |c 19,445e 
100 1 |a Coxeter, H. S. M.  |q (Harold Scott Macdonald),  |d 1907-2003. 
084 |a 51-01  |2 msc2000 
859 |h 51  |i C879n-3  |p A-34  |b BIB. MATEMATICA